[Event "Wloclawek-ch"]
[Site "Wloclawek"]
[Date "2014.??.??"]
[Round "3"]
[White "Lebiedzinski, Maciej"]
[Black "Bedzinski, Marian"]
[Result "1/2-1/2"]
[WhiteElo "1486"]
[BlackElo "1800"]
[PlyCount "35"]
[EventDate "2014.09.??"]
[EventType "swiss"]
[EventRounds "9"]
[EventCountry "POL"]
[SourceTitle "EXT 2021"]
[Source "ChessBase"]
[SourceDate "2020.10.23"]
[SourceVersion "1"]
[SourceVersionDate "2020.10.23"]
[SourceQuality "1"]

1. e4 e5 2. Nf3 d6 3. d4 exd4 4. Nxd4 g6 5. Bc4 Bg7 6. 0-0 Ne7 7. c3 0-0 8. Bg5 Qd7 9. Nd2 Nbc6 10. N2b3 a6 11. a4 Qg4 12. Qxg4 Bxg4 13. h3 Bd7 14. f4 Kh8 15. Bh4 Nxd4 16. Nxd4 c5 17. Nf3 Bc6 18. Ng5 1/2-1/2

[Event "Wloclawek-ch"]
[Site "Wloclawek"]
[Date "2013.??.??"]
[Round "9"]
[White "Jeziorny, Janusz"]
[Black "Bedzinski, Marian"]
[Result "1-0"]
[WhiteElo "1752"]
[BlackElo "1800"]
[PlyCount "97"]
[EventDate "2013.09.??"]
[EventType "swiss"]
[EventRounds "9"]
[EventCountry "POL"]
[SourceTitle "EXT 2021"]
[Source "ChessBase"]
[SourceDate "2020.10.23"]
[SourceVersion "1"]
[SourceVersionDate "2020.10.23"]
[SourceQuality "1"]

1. e4 e5 2. Nf3 d6 3. Nc3 Nf6 4. d4 exd4 5. Nxd4 a6 6. a4 Be7 7. Be2 0-0 8. 0-0 c6 9. Be3 Nbd7 10. f4 Nc5 11. Bf3 Ne6 12. Nf5 Ne8 13. Qd2 Bf6 14. Rfd1 g6 15. Nxd6 Bg7 16. Nxe8 Qxe8 17. e5 b5 18. axb5 Bb7 19. Qd7 Qxd7 20. Rxd7 axb5 21. Rxa8 Bxa8 22. Ne4 g5 23. f5 Nf4 24. f6 Bh6 25. Bxf4 gxf4 26. Ra7 Rd8 27. Kf1 Bf8 28. Bh5 c5 29. Ng5 Bd5 30. Nxf7 Rb8 31. Nd6 b4 32. Bf7+ Bxf7 33. Nxf7 Re8 34. Kf2 c4 35. Kf3 Bc5 36. Nh6+ Kh8 37. Rg7 Rf8 38. Nf7+ Rxf7 39. Rxf7 Kg8 40. Rg7+ Kf8 41. Kxf4 Bd4 42. b3 cxb3 43. cxb3 h6 44. Kf5 h5 45. Rb7 Bc3 46. e6 Kg8 47. Kg6 Bxf6 48. Rb8+ Bd8 49. Rxd8# 1-0

[Event "Wloclawek-ch"]
[Site "Wloclawek"]
[Date "2013.??.??"]
[Round "1"]
[White "Kulinski, Krzysztof"]
[Black "Bedzinski, Marian"]
[Result "1-0"]
[WhiteElo "2098"]
[BlackElo "1800"]
[PlyCount "87"]
[EventDate "2013.09.??"]
[EventType "swiss"]
[EventRounds "9"]
[EventCountry "POL"]
[SourceTitle "EXT 2021"]
[Source "ChessBase"]
[SourceDate "2020.10.23"]
[SourceVersion "1"]
[SourceVersionDate "2020.10.23"]
[SourceQuality "1"]

1. e4 e5 2. Nf3 d6 3. Bc4 Be7 4. 0-0 Nf6 5. Nc3 c6 6. Re1 0-0 7. d4 exd4 8. Nxd4 Nbd7 9. h3 Ne5 10. Bf1 a6 11. Be3 c5 12. Nb3 b5 13. f4 Ng6 14. e5 dxe5 15. fxe5 Qxd1 16. Raxd1 Nxe5 17. Bxc5 Bxc5+ 18. Nxc5 Ng6 19. a4 b4 20. Nd5 Nxd5 21. Rxd5 a5 22. Bb5 Nf4 23. Rd4 Ne6 24. Nxe6 Bxe6 25. c4 bxc3 26. bxc3 Rad8 27. Bc6 g5 28. Re5 h6 29. Rxa5 Rxd4 30. cxd4 Rd8 31. d5 Bd7 32. Rc5 Kf8 33. a5 Ke7 34. a6 Kd6 35. Rc2 h5 36. Bb7 g4 37. hxg4 Bxg4 38. a7 f5 39. a8Q Rxa8 40. Bxa8 f4 41. Rc4 f3 42. Rxg4 hxg4 43. gxf3 gxf3 44. Kf2 1-0

[Event "Wloclawek-ch"]
[Site "Wloclawek"]
[Date "2013.??.??"]
[Round "2"]
[White "Lebiedzinski, Maciej"]
[Black "Bedzinski, Marian"]
[Result "0-1"]
[WhiteElo "1800"]
[BlackElo "1800"]
[PlyCount "88"]
[EventDate "2013.09.??"]
[EventType "swiss"]
[EventRounds "9"]
[EventCountry "POL"]
[SourceTitle "EXT 2021"]
[Source "ChessBase"]
[SourceDate "2020.10.23"]
[SourceVersion "1"]
[SourceVersionDate "2020.10.23"]
[SourceQuality "1"]

1. e4 e5 2. Nf3 d6 3. Bc4 Be7 4. 0-0 Nf6 5. d3 0-0 6. Bg5 Nc6 7. c3 b6 8. Nbd2 Na5 9. Bb3 Nxb3 10. axb3 Bb7 11. Re1 Ne8 12. Bxe7 Qxe7 13. Nc4 Qf6 14. Ne3 Qg6 15. Nf5 Kh8 16. Ne7 Qe6 17. Nf5 f6 18. c4 c6 19. N3h4 d5 20. Qh5 Qf7 21. Qe2 dxe4 22. dxe4 c5 23. Rad1 g6 24. Ne3 Bxe4 25. Ng4 Bb7 26. Rd2 Ng7 27. Red1 Bc8 28. Nh6 Qe7 29. Rd8 Be6 30. R8d6 Rad8 31. R6d3 f5 32. Qxe5 Rxd3 33. Rxd3 Qxh4 34. Rh3 Qd4 35. Qe2 Rd8 36. g3 Qd1+ 37. Qxd1 Rxd1+ 38. Kg2 Rd4 39. Kf1 f4 40. g4 Ne8 41. Rf3 Nd6 42. h3 Kg7 43. g5 Nf5 44. Nxf5+ Bxf5 0-1

[Event "Wloclawek CC Classic 01st"]
[Site "Wloclawek"]
[Date "2011.??.??"]
[Round "11"]
[White "Augustowski, Janusz"]
[Black "Bedzinski, Marian"]
[Result "1-0"]
[WhiteElo "2000"]
[BlackElo "1600"]
[PlyCount "89"]
[EventDate "2011.01.??"]
[EventType "tourn"]
[EventRounds "11"]
[EventCountry "POL"]
[SourceTitle "EXT 2021"]
[Source "ChessBase"]
[SourceDate "2020.10.23"]
[SourceVersion "1"]
[SourceVersionDate "2020.10.23"]
[SourceQuality "1"]

1. d4 d5 2. c4 dxc4 3. Nc3 e6 4. e4 Be7 5. Bxc4 c6 6. Nf3 Nf6 7. 0-0 0-0 8. Bf4 b5 9. Bd3 Bb7 10. Qe2 Nbd7 11. Rfd1 Qb6 12. Rac1 a6 13. Ne5 b4 14. Na4 Qa5 15. Nxd7 Nxd7 16. b3 Rac8 17. Qg4 Nf6 18. Qh3 Qh5 19. Qg3 Kh8 20. Rd2 c5 21. dxc5 Nxe4 22. Bxe4 Bxe4 23. Qe3 Qg6 24. f3 Bd5 25. Nb6 Rc6 26. Nxd5 exd5 27. Qxe7 Rfc8 28. Rxd5 h6 29. Qe4 Qf6 30. Be5 Qg5 31. f4 Qg4 32. h3 Qh4 33. Qf3 f6 34. Bd6 Re8 35. Rf1 Re1 36. Rh5 Rxf1+ 37. Kxf1 Qxh5 38. Qxh5 Rc8 39. Qf7 Kh7 40. Bf8 Rxf8 41. Qxf8 Kg6 42. c6 h5 43. c7 h4 44. c8Q Kh6 45. Qg4 1-0

[Event "Wloclawek CC Classic-B 02nd"]
[Site "Wloclawek"]
[Date "2011.??.??"]
[Round "11"]
[White "Bedzinski, Marian"]
[Black "Milecki, Robert"]
[Result "0-1"]
[WhiteElo "1600"]
[BlackElo "1600"]
[PlyCount "58"]
[EventDate "2011.09.??"]
[EventType "tourn"]
[EventRounds "13"]
[EventCountry "POL"]
[SourceTitle "EXT 2021"]
[Source "ChessBase"]
[SourceDate "2020.10.23"]
[SourceVersion "1"]
[SourceVersionDate "2020.10.23"]
[SourceQuality "1"]

1. d4 d5 2. e3 e6 3. c4 Nf6 4. a3 c5 5. Nf3 Be7 6. dxc5 Bxc5 7. b4 Be7 8. Bb2 0-0 9. c5 a5 10. Nbd2 axb4 11. axb4 Rxa1 12. Qxa1 b6 13. Bd4 Nc6 14. Be2 Nxb4 15. Qc3 bxc5 16. Bxc5 Na6 17. Bxe7 Qxe7 18. 0-0 Qc5 19. Rc1 Qxc3 20. Rxc3 Bb7 21. Rb3 Nc5 22. Rb5 Nfd7 23. Nb3 Ba6 24. Rxc5 Nxc5 25. Bxa6 Nxa6 26. h4 Rb8 27. Nbd4 Rb1+ 28. Kh2 Nc5 29. g3 Ne4 0-1